Sports Quiz

Random Sports or MLB Quiz
Score 0/41 Timer 10:00
2 Plays Today
Year Pitcher % Correct
2002Randy Johnson
96%
2001Randy Johnson
96%
1980Tommy John
91.7%
1979Tommy John
91.7%
2019Justin Verlander
89.5%
2001Roger Clemens
89.1%
1998Roger Clemens
89.1%
2002Curt Schilling
86.7%
2004Curt Schilling
86.7%
2003Jamie Moyer
73.6%
2001Jamie Moyer
73.6%
1980Steve Carlton
68.8%
1982Steve Carlton
68.8%
1963Warren Spahn
66.3%
1958Warren Spahn
66.3%
1959Warren Spahn
66.3%
1960Warren Spahn
66.3%
1961Warren Spahn
66.3%
1957Warren Spahn
66.3%
1956Warren Spahn
66.3%
2008Mike Mussina
62.9%
Year Pitcher % Correct
1979Phil Niekro
62.6%
1974Phil Niekro
62.6%
1980Joe Niekro
62.5%
1998David Cone
58.5%
2000David Wells
55%
2012R.A. Dickey
49.9%
1974Gaylord Perry
42.2%
1978Gaylord Perry
42.2%
1992Jack Morris
42.1%
1976Luis Tiant
37.7%
1974Mike Cuellar
28.4%
1974Jim Kaat
24.4%
1975Jim Kaat
24.4%
1959Early Wynn
24.2%
1956Early Wynn
24.2%
1956Bob Lemon
24.1%
1952Allie Reynolds
12.3%
1979Jerry Koosman
9.4%
1951Preacher Roe
7.5%
1953Virgil Trucks
3.1%

You're not logged in!

Compare scores with friends on all Sporcle quizzes.
OR
Log In

Sporcle TV

Today on Sporcle TV


Watch our educational content, quiz creation guides, and fun videos on Sporcle TV.

Show Comments

Extras

Top Quizzes Today


Score Distribution

Paid Content

Your Account Isn't Verified!

In order to create a playlist on Sporcle, you need to verify the email address you used during registration. Go to your Sporcle Settings to finish the process.

Report this User

Report this user for behavior that violates our Community Guidelines.

Details: